000 00722nam a2200193 i 4500
001 184096
003 ES-MaACL
005 20250830020107.0
008 150316q17001799sp |||| | spa d
245 0 1 _a[Explicación de la doctrina cristiana].
260 _a[S.l. :
_bs.n.,
_c17-?]
300 _a388, [4] páginas ;
_c20 cm.
650 0 7 _aTeología dogmática
_2embne
_917468
655 7 _2tgfbne
_9234608
_aCatecismos
852 1 _aBA
_cDEPO
_eFaltan las primeras 35 p., incluida la portada
_gÚltima hoja de guarda con diversas textos manuscritos
_hDonativo de Segismundo Román González
_jArmario 18
_xPergamino
942 _2udc
_cMONANT
_n0
999 _c184096
_d184096